| 000 | 01772nam a2200349 a 4500 | ||
|---|---|---|---|
| 001 | BRCA_3163 | ||
| 005 | 20190320204136.0 | ||
| 008 | 110209s1902----fr-a---###---#000-0#fre-u | ||
| 041 | _afre | ||
| 044 | _afr | ||
| 084 |
_a466 _b.B763 _c1902 |
||
| 100 | 1 |
_aCervantes Saavedra, Miguel de _d1547-1616 _9213 |
|
| 245 | 1 | 0 |
_aLes aventures de Don Quichotte _cMiguel de Cervantes Saavedra. |
| 260 |
_aParís _bPaul Brodard _c1902 |
||
| 300 |
_a416 p. _bil. _c20 cm. |
||
| 500 | _aContenido : Primera parte. Advertencia del editor. Prólogo del autor. Prefacio del traductor. Texto abreviado. Segunda parte. Texto abreviado | ||
| 500 | _aEdición : Illustrées de 31 Planches du xviii Siècle Tirées de L´Oroginal Espagnol Figures de Coypel, Picart le Romain et Autres Habiles Maitres. Avec le Portrait de Cervantes par Joseph del Castillo, Traduction de Florian | ||
| 500 | _aAbreviación de la novela basada en la traducción de Florian. Como lo indica la portada, esta edición reproduce los dibujos de Coypel, Picart le Romain y otros. Semipiel; lomo adornado con dorados Lúdovik Osterc | ||
| 500 | _aQM1531 | ||
| 546 | _aTexto en : francés | ||
| 650 | 1 | 4 |
_aNovela española _yÉpoca clásica, 1500-1700 _9215 |
| 650 | 1 | 4 |
_aLiteratura española _yÉpoca clásica, 1500-1700 _9216 |
| 650 | 1 | 4 |
_aNovela española _ySiglo XVII _9217 |
| 650 | 1 | 4 |
_aDon Quijote (Personaje ficticio) _eNovela _9218 |
| 700 | 1 |
_aCoypel, Charles-Antone _d1694-1752 _eIlustrador _98527 |
|
| 700 | 1 |
_aPicart Le Romain, Bernard _d1673-1733 _eIlustrador _98528 |
|
| 700 | 1 |
_aCastillo, José del _d1737-1793 _eIlustrador _98529 |
|
| 700 | 1 |
_aFlorian, Jean-Pierre Claris de _d1755-1794 _eTraductor _98480 |
|
| 740 | 0 | _aEl Ingenioso Hidalgo Don Quijote de la Mancha | |
| 902 | _aQFM | ||
| 942 |
_2lcc _cB |
||
| 999 |
_c2899 _d2899 |
||